000 00739nam a2200241 a 4500
001 BRL_1901
005 20190320211427.0
008 130815s1945----mx-a######---#000-0#spa-#
041 _aspa
044 _amx
050 4 _aE99.K4
_b.F33 1945
100 1 _aFabila, Alfonso
_928036
245 1 0 _aLa tribu Kikapoo de Coahuila
_cpor Alfonso Fabila ; ilustraciones de Dinorín.
260 _aMéxico
_bSecretaria de Educación Publica
_c1945
300 _a94 p.
_bil.
_c20 cm.
440 0 _aBiblioteca enciclopédica popular
_v50
_928189
500 _aAu2023
650 1 4 _aKikapús
_xVida social y costumbres
_928190
650 1 4 _aKikapús
_xCondiciones sociales
_928191
700 1 _aDinorín
_eil.
_928192
902 _aGRL
942 _2lcc
_cB
999 _c10709
_d10709